| 000 | 00746nam a22001937a 4500 | ||
|---|---|---|---|
| 003 | OSt | ||
| 005 | 20260515062531.0 | ||
| 008 | 130604r20131975sp ||||| |||||00| 0 cat d | ||
| 040 | _cCDMR | ||
| 245 | 0 | 0 |
_aQuatre Cantons _b: [el nostre company detingut] |
| 250 |
_aEd. facsímil _bNúm 118, agost 1975 |
||
| 260 |
_aBarcelona _bParroquia de Sta. Maria del Taulat _c1975 |
||
| 300 | _a27 p. | ||
| 500 | _aEdició facsímil a càrrec de l'Associació de Veïns i Veïnes del Poblenou, l'Arxiu Històric del Poblenou, la revista Carrer de la FAVB i la Comissió Ciutadana Huerta Claveria | ||
| 610 | 2 |
_93667 _aQuatre Cantons (Revista) |
|
| 600 | 1 | 7 |
_aHuertas, Josep Maria _d1939-2007 _2 _928 |
| 700 | 1 |
_93666 _aAndreu, Marc _epr. |
|
| 942 |
_2udc _cFULLET |
||
| 999 |
_c6401 _d6401 |
||